00234 a2200109 4500001000700000020000600007040001100013100002200024240003700046245003200083362000900115169909 a  cMagnum aDom Mauro Morelli10aComo fazer nova a republicalpor10aComo fazer nova a republica0 a1899